000 00764nam a22002297a 4500
003 UA-OsUOA
001 78074
007 ta
008 20110929b un ||||| |||| 00| 0 ukr d
090 _a346.1(477)
_bГ72
942 _cBK
040 _aUA-OsUOA
_bukr
_cUA-OsUOA
_dUA-OsUOA
245 _aГосподарське процесуальне право України
_bнавч. посіб.
_cза заг. ред. В.Л.Костюка
300 _a223 с.
955 _a2
041 _aukr
080 _a346.1(477)
020 _a978-966-313-432-1
260 _aК.
_bІн Юре
_c2009
650 7 _a346 Господарське право. Правові основи державного регулювання економікою
_2UDC
999 _c364383
_d364383